000 00380nam a2200157Ia 4500
008 230917s9999||||xx |||||||||||||| ||und||
020 _cRS278
040 _e34093
_aMAIN
041 _aEnglish
082 _a843.7 B219P
100 _aBalzac, Honore de
245 0 _aLe Pere Goriot
260 _aOxford
_bOxford University Press
_c1999
300 _axviii, 274 p.
942 _cBK
999 _c112475
_d112475